000
00312nam a2200133Ia 4500
100
_a
Amarchand/ D/ Varadharajan
942
_c
BK
654
_a
Marketing Introduction
245
_a
An Introduction to Marketing
260
_b
Vikas pub.
_a
New Delhi
_c
1981
082
_a
658.8
300
_a
322
546
_a
ENGLISH
999
_c
29065
_d
29065